De Jamaica town al barrio Roosevelt: el tránsito de los topónimos criollos limonenses /

Uloženo v:
Podrobná bibliografie
Hlavní autor: Chang Vargas, Giselle
Médium: Text
Tagy: Přidat tag
Žádné tagy, Buďte první, kdo vytvoří štítek k tomuto záznamu!

MARC

LEADER 00000 a a2200000 04500
001 4322
003
040
100 |a Chang Vargas, Giselle  
245 |a De Jamaica town al barrio Roosevelt:   |b el tránsito de los topónimos criollos limonenses /  |c Giselle Chang Vargas 
500 |a Resumen también en inglés  
773 |g número 14; páginas 79-94  
999 |c 21768  |d 21768